000 01016nam a2200325 i 4500
001 bg
100 1 _aSIWKA, Jerzy
245 1 0 _aAzot w ciekłych stopach żelaza /
_cJerzy Siwka, Anatolij G. Svjażin.
260 _aCzęstochowa :
_bWydawnictwo Politechniki Częstochowskiej,
_c2006.
300 _a136 s. :
_bil. ;
_c24 cm.
490 1 _aMonografie / Politechnika Częstochowska,
_x0860-5017 ;
_vnr 117
500 _aStreszcz. ang., ros.
504 _aBibliogr. przy rozdz.
650 9 _aAzot
650 9 _aStal
_xchemia
650 9 _aStopy (metalurg.)
_xchemia
650 9 _aŻelazo
_xmetalurgia
700 1 _aSvjažin, Anatolij Grigor'evič
830 0 _aMonografie (Politechnika Częstochowska) ;
_vnr 117
015 _aPB 17247/2006
020 _a8371933010
020 _a9788371933011
040 _cBPK
041 1 _apol
_bengrus
080 _a669.1.017/.018:546.1/.2
920 _a83-7193-301-0
920 _a978-83-7193-301-1
942 _cKS
008 s pl f |000 0 pol
999 _c52713
_d52713